[Event "IX IBCA World Team Ch. for the Blind an"]
[Site "Ohrid, North Macedonia"]
[Date "2022.07.01"]
[Round "4.1"]
[White "Pribeanu, Mihail-Dacian"]
[Black "Kolpakov, Vladyslav"]
[Result "1/2-1/2"]
[WhiteElo "2175"]
[BlackElo "2258"]
[PlyCount "32"]
[EventDate "2022.06.28"]
[EventType "team"]
[EventRounds "7"]
[EventCountry "MKD"]
[WhiteTeam "Romania"]
[BlackTeam "Ukraine"]
[WhiteTeamCountry "ROU"]
[BlackTeamCountry "UKR"]

1. e4 c5 2. Nf3 d6 3. d3 Nc6 4. g3 g6 5. Bg2 Bg7 6. O-O e5 7. Nc3 Nge7 8. Nd2
Be6 9. Nc4 O-O 10. a4 Qd7 11. Nd5 f5 12. c3 Rf7 13. Nxe7+ Nxe7 14. exf5 gxf5
15. f4 exf4 16. Bxf4 d5 1/2-1/2

[Event "IX IBCA World Team Ch. for the Blind an"]
[Site "Ohrid, North Macedonia"]
[Date "2022.07.01"]
[Round "4.2"]
[White "Shepelev, Igor"]
[Black "Dima, Mihai"]
[Result "1/2-1/2"]
[WhiteElo "2090"]
[BlackElo "1981"]
[PlyCount "40"]
[EventDate "2022.06.28"]
[EventType "team"]
[EventRounds "7"]
[EventCountry "MKD"]
[WhiteTeam "Ukraine"]
[BlackTeam "Romania"]
[WhiteTeamCountry "UKR"]
[BlackTeamCountry "ROU"]

1. d4 d5 2. Nf3 e6 3. c4 c6 4. g3 f5 5. Bg2 Nf6 6. O-O Bd6 7. Qc2 O-O 8. b3 Qe7
9. a4 Ne4 10. Ba3 Nd7 11. e3 b6 12. Ne5 Bb7 13. f3 Nef6 14. cxd5 cxd5 15. Qb2
Rfc8 16. Nd2 Bxa3 17. Rxa3 Nxe5 18. dxe5 Nd7 19. b4 Rc7 20. e4 Rac8 1/2-1/2

[Event "IX IBCA World Team Ch. for the Blind an"]
[Site "Ohrid, North Macedonia"]
[Date "2022.07.01"]
[Round "4.3"]
[White "Pirosca, Alexandru"]
[Black "Zsiltzova-Lisenko, Lubov"]
[Result "0-1"]
[WhiteElo "1888"]
[BlackElo "2165"]
[PlyCount "148"]
[EventDate "2022.06.28"]
[EventType "team"]
[EventRounds "7"]
[EventCountry "MKD"]
[WhiteTeam "Romania"]
[BlackTeam "Ukraine"]
[WhiteTeamCountry "ROU"]
[BlackTeamCountry "UKR"]

1. e4 c5 2. Nf3 d6 3. d4 cxd4 4. Nxd4 Nf6 5. Nc3 a6 6. Be3 e5 7. Nb3 Be7 8. Be2
O-O 9. Qd2 Be6 10. a4 Nbd7 11. a5 Qc7 12. O-O Rac8 13. Rfd1 Rfd8 14. Qe1 h6 15.
Rd2 Nc5 16. Nxc5 dxc5 17. Bf3 Rxd2 18. Qxd2 Rd8 19. Qe1 Rd7 20. h3 Qc6 21. Kh2
c4 22. Rd1 Bb4 23. Rxd7 Nxd7 24. Bd2 Bxa5 25. Nd5 Bxd2 26. Qxd2 Bxd5 27. exd5
Qd6 28. g3 f5 29. Be2 b5 30. b3 cxb3 31. cxb3 Nf6 32. Qc2 Qd7 33. d6 Ne4 34.
Qc7 Qxd6 35. Qc8+ Qf8 36. Qxa6 f4 37. g4 Nd6 38. Bxb5 e4 39. Bc4+ Kh8 40. Qa7
f3 41. Qe3 Qf6 42. Qc1 h5 43. Qg1 Qd4 44. Bf1 h4 45. Kh1 g5 46. Qh2 Kg7 47. Kg1
Kf6 48. Kh1 Ke6 49. Qg1 Qc3 50. Bc4+ Kf6 51. Qd1 Ke7 52. Bd5 Kf6 53. Bc4 Qe5
54. Qd2 Ke7 55. Qc1 Qc5 56. Qd2 Kf6 57. Qc3+ Qe5 58. Qe1 Qd4 59. Qf1 Ke7 60.
Kg1 Nb7 61. Qc1 Kf6 62. Bg8 Nc5 63. Qc4 Qxc4 64. Bxc4 Ke5 65. b4 Nd7 66. Bb5
Nb6 67. Bc6 Kd4 68. Kf1 Nc4 69. Ke1 Ne5 70. Bb5 Nxg4 71. Bf1 Nf6 72. b5 Nd5 73.
Kd2 Nb6 74. Ke1 e3 0-1

[Event "IX IBCA World Team Ch. for the Blind an"]
[Site "Ohrid, North Macedonia"]
[Date "2022.07.01"]
[Round "4.4"]
[White "Yatsishin, Ivan"]
[Black "Strete, Ciprian-Iulian"]
[Result "1-0"]
[WhiteElo "2029"]
[BlackElo "1763"]
[PlyCount "113"]
[EventDate "2022.06.28"]
[EventType "team"]
[EventRounds "7"]
[EventCountry "MKD"]
[WhiteTeam "Ukraine"]
[BlackTeam "Romania"]
[WhiteTeamCountry "UKR"]
[BlackTeamCountry "ROU"]

1. e4 d6 2. d4 Nf6 3. Nc3 g6 4. Bg5 Bg7 5. Qd2 b6 6. O-O-O Bb7 7. f3 Nbd7 8.
Qe3 O-O 9. e5 Nd5 10. Nxd5 Bxd5 11. exd6 cxd6 12. Bxe7 Bh6 13. Qxh6 Qxe7 14.
Kb1 Rac8 15. Bd3 a5 16. Ne2 Bc4 17. Nf4 Nf6 18. Qg5 Nd5 19. Qxe7 Nxe7 20. Bxc4
Rxc4 21. Rhe1 Nf5 22. c3 a4 23. a3 Rc7 24. Nd5 Rb7 25. g4 Ng7 26. f4 h5 27. h3
b5 28. Rd3 f5 29. g5 Kf7 30. Rde3 Re8 31. Rxe8 Nxe8 32. Nb4 Rc7 33. h4 Ng7 34.
d5 Rc4 35. Nd3 Re4 36. Kc2 Rxe1 37. Nxe1 Ne8 38. Nd3 Nc7 39. Nb4 Ke7 40. Kd3
Na8 41. c4 Nc7 42. cxb5 Nxb5 43. Kc4 Nc7 44. Na2 Na6 45. Nc3 Nc5 46. Kb5 Nd3
47. Nxa4 Nxf4 48. Nc3 Nd3 49. b4 f4 50. Kc6 f3 51. Nd1 f2 52. Nxf2 Nxf2 53. b5
Ne4 54. b6 Nc5 55. b7 Na6 56. Kb6 Nb8 57. Ka7 1-0

[Event "IX IBCA World Team Ch. for the Blind an"]
[Site "Ohrid, North Macedonia"]
[Date "2022.07.02"]
[Round "5.1"]
[White "Kolpakov, Vladyslav"]
[Black "Ymeri, Rinor"]
[Result "1-0"]
[WhiteElo "2258"]
[BlackElo "1603"]
[PlyCount "93"]
[EventDate "2022.06.28"]
[EventType "team"]
[EventRounds "7"]
[EventCountry "MKD"]
[WhiteTeam "Ukraine"]
[BlackTeam "Kosovo"]
[WhiteTeamCountry "UKR"]
[BlackTeamCountry "KOS"]

1. e4 c6 2. d4 d5 3. Nc3 dxe4 4. Nxe4 Nf6 5. Nxf6+ exf6 6. c3 Be6 7. Bd3 Bd6 8.
Ne2 Nd7 9. Nf4 Bxf4 10. Bxf4 Nb6 11. O-O Nd5 12. Bd2 Nb6 13. Re1 O-O 14. Qh5 g6
15. Qh6 Qd5 16. Re4 Qh5 17. Qxh5 gxh5 18. Rh4 Nc4 19. Bc1 Rfe8 20. Kf1 Nd6 21.
Rxh5 Bc4 22. Bxc4 Nxc4 23. b3 Nb6 24. Bd2 Re6 25. Re1 Rae8 26. c4 Nd7 27. Rh3
Nf8 28. Rhe3 a6 29. h4 Rxe3 30. Rxe3 Rxe3 31. Bxe3 h5 32. Ke2 f5 33. Kd3 Ng6
34. g3 Ne7 35. Bg5 Nc8 36. d5 Kg7 37. dxc6 bxc6 38. Kd4 f6 39. Bf4 Kf7 40. Kc5
Ne7 41. Bd6 Ng6 42. Kxc6 f4 43. b4 fxg3 44. fxg3 Ke6 45. b5 axb5 46. cxb5 Ne5+
47. Bxe5 1-0

[Event "IX IBCA World Team Ch. for the Blind an"]
[Site "Ohrid, North Macedonia"]
[Date "2022.07.02"]
[Round "5.3"]
[White "Zsiltzova-Lisenko, Lubov"]
[Black "Berisha, Xhafer"]
[Result "1-0"]
[WhiteElo "2165"]
[BlackElo "1440"]
[PlyCount "119"]
[EventDate "2022.06.28"]
[EventType "team"]
[EventRounds "7"]
[EventCountry "MKD"]
[WhiteTeam "Ukraine"]
[BlackTeam "Kosovo"]
[WhiteTeamCountry "UKR"]
[BlackTeamCountry "KOS"]

1. e4 c5 2. Nf3 e6 3. d4 d5 4. exd5 exd5 5. c3 Nc6 6. Be2 Nge7 7. O-O Be6 8.
dxc5 g6 9. Nd4 Bd7 10. Nd2 Bg7 11. N2f3 O-O 12. Bd3 Bg4 13. h3 Nxd4 14. hxg4
Nxf3+ 15. Qxf3 b6 16. cxb6 axb6 17. Bg5 Qd7 18. Rfd1 Nc6 19. Bb5 Qe6 20. Bxc6
Qxc6 21. Rxd5 Ra5 22. Rxa5 Qxf3 23. gxf3 bxa5 24. Rd1 Rb8 25. Rd8+ Rxd8 26.
Bxd8 a4 27. Be7 f5 28. gxf5 gxf5 29. Kg2 Kf7 30. Bc5 Ke6 31. Kg3 Bf6 32. Bb4 h5
33. b3 axb3 34. axb3 h4+ 35. Kh3 Kd5 36. Ba5 Kc5 37. f4 Kb5 38. Bb4 Bd8 39. Bd6
Kc6 40. Be5 Kd5 41. f3 Kc6 42. Bd4 Kd5 43. Bf2 Bc7 44. Kxh4 Bxf4 45. Bd4 Bd2
46. Kh5 f4 47. Kg6 Be3 48. Bh8 Ke6 49. Kg5 Bd2 50. c4 Kd6 51. Kf5 Kc5 52. Ke4
Kb4 53. Kd3 Be3 54. Kc2 Bc5 55. Be5 Be3 56. Bd6+ Ka5 57. Kd3 Bc1 58. Ke4 Bd2
59. Bxf4 Bxf4 60. Kxf4 1-0

[Event "IX IBCA World Team Ch. for the Blind an"]
[Site "Ohrid, North Macedonia"]
[Date "2022.07.02"]
[Round "5.4"]
[White "Kastrati, Shaip"]
[Black "Yatsishin, Ivan"]
[Result "1/2-1/2"]
[WhiteElo "1475"]
[BlackElo "2029"]
[PlyCount "38"]
[EventDate "2022.06.28"]
[EventType "team"]
[EventRounds "7"]
[EventCountry "MKD"]
[WhiteTeam "Kosovo"]
[BlackTeam "Ukraine"]
[WhiteTeamCountry "KOS"]
[BlackTeamCountry "UKR"]

1. e4 Nf6 2. Nc3 d5 3. e5 Nfd7 4. d4 e6 5. Nf3 c5 6. Nb5 a6 7. Nd6+ Bxd6 8.
exd6 Nc6 9. c3 Qb6 10. dxc5 Nxc5 11. Bd3 Nd8 12. O-O Qxd6 13. Bc2 Nc6 14. b4
Nd7 15. a4 b6 16. Ba3 b5 17. c4 Na7 18. cxd5 Qxd5 19. Bd3 Bb7 1/2-1/2

[Event "IX IBCA World Team Ch. for the Blind an"]
[Site "Ohrid, North Macedonia"]
[Date "2022.07.02"]
[Round "5.1"]
[White "Zambo, Zoltan Istvan"]
[Black "Pribeanu, Mihail-Dacian"]
[Result "1/2-1/2"]
[WhiteElo "2326"]
[BlackElo "2175"]
[PlyCount "47"]
[EventDate "2022.06.28"]
[EventType "team"]
[EventRounds "7"]
[EventCountry "MKD"]
[WhiteTeam "Hungary"]
[BlackTeam "Romania"]
[WhiteTeamCountry "HUN"]
[BlackTeamCountry "ROU"]

1. d4 Nf6 2. c4 g6 3. Nf3 Bg7 4. g3 O-O 5. Bg2 d6 6. O-O Nbd7 7. Nc3 e5 8. e4
a6 9. Qc2 Rb8 10. Rd1 exd4 11. Nxd4 c5 12. Nf3 Qe7 13. Bf4 Ne5 14. Nxe5 dxe5
15. Bg5 Be6 16. Nd5 Bxd5 17. cxd5 Qd6 18. Rac1 Rfc8 19. Bh3 Rc7 20. f4 Ne8 21.
f5 c4 22. Qe2 b5 23. Rc2 Bf8 24. Rf1 1/2-1/2

[Event "IX IBCA World Team Ch. for the Blind an"]
[Site "Ohrid, North Macedonia"]
[Date "2022.07.02"]
[Round "5.2"]
[White "Bratu, Gheorghe"]
[Black "Gyorkos, Lajos"]
[Result "1-0"]
[WhiteElo "1702"]
[BlackElo "2254"]
[PlyCount "41"]
[EventDate "2022.06.28"]
[EventType "team"]
[EventRounds "7"]
[EventCountry "MKD"]
[WhiteTeam "Romania"]
[BlackTeam "Hungary"]
[WhiteTeamCountry "ROU"]
[BlackTeamCountry "HUN"]

1. Nf3 Nf6 2. g3 g6 3. Bg2 Bg7 4. d4 d5 5. O-O O-O 6. c4 dxc4 7. Na3 c3 8. bxc3
c5 9. e3 Nc6 10. Bb2 Qa5 11. Nd2 cxd4 12. cxd4 Bg4 13. Qb3 Qxd2 14. Qxb7 Rab8
15. Qxc6 Rxb2 16. Nc4 Qb4 17. Ne5 Be2 18. Rfc1 Qa3 19. Rc2 Rfb8 20. Rac1 Qxa2
21. h3 1-0

[Event "IX IBCA World Team Ch. for the Blind an"]
[Site "Ohrid, North Macedonia"]
[Date "2022.07.02"]
[Round "5.3"]
[White "Kovacs, Apollo"]
[Black "Pirosca, Alexandru"]
[Result "1-0"]
[WhiteElo "2105"]
[BlackElo "1888"]
[PlyCount "79"]
[EventDate "2022.06.28"]
[EventType "team"]
[EventRounds "7"]
[EventCountry "MKD"]
[WhiteTeam "Hungary"]
[BlackTeam "Romania"]
[WhiteTeamCountry "HUN"]
[BlackTeamCountry "ROU"]

1. d4 Nf6 2. Nf3 g6 3. Bf4 Bg7 4. h3 d5 5. e3 O-O 6. Be2 c5 7. c3 Nc6 8. O-O
Ne4 9. Nbd2 Nxd2 10. Qxd2 cxd4 11. cxd4 Qb6 12. Rfc1 Bf5 13. Rc5 Qd8 14. Rac1
a6 15. b4 Rc8 16. b5 axb5 17. Bxb5 Qb6 18. Rxd5 Be4 19. Rdc5 Bxf3 20. gxf3 Na7
21. Bd3 Qe6 22. Kg2 Rxc5 23. Rxc5 Nc8 24. Bc4 Qb6 25. Bc7 Qf6 26. Be5 Qb6 27.
Bc7 Qf6 28. Bf4 Nd6 29. Bd3 Qe6 30. a4 Ra8 31. a5 h6 32. Bc2 Qd7 33. Qb4 Rc8
34. Bxd6 exd6 35. Rxc8+ Qxc8 36. Be4 Bf6 37. Bxb7 Qb8 38. a6 Bd8 39. Qa4 Bb6
40. Qd7 1-0

[Event "IX IBCA World Team Ch. for the Blind an"]
[Site "Ohrid, North Macedonia"]
[Date "2022.07.02"]
[Round "5.4"]
[White "Strete, Ciprian-Iulian"]
[Black "Vojan, Istvan"]
[Result "0-1"]
[WhiteElo "1763"]
[BlackElo "1801"]
[PlyCount "63"]
[EventDate "2022.06.28"]
[EventType "team"]
[EventRounds "7"]
[EventCountry "MKD"]
[WhiteTeam "Romania"]
[BlackTeam "Hungary"]
[WhiteTeamCountry "ROU"]
[BlackTeamCountry "HUN"]

1. d4 Nf6 2. c4 e6 3. Nc3 c5 4. d5 exd5 5. cxd5 d6 6. e4 g6 7. Nf3 Bg7 8. h3
O-O 9. Bd3 a6 10. a4 Nbd7 11. Bf4 Qc7 12. O-O Re8 13. Qc2 Nh5 14. Be3 Ne5 15.
Nxe5 Bxe5 16. Rfc1 Nf4 17. Ne2 Nxd3 18. Qxd3 Bxb2 19. Qc2 Bg7 20. Ng3 Bd7 21.
Ra2 b5 22. a5 b4 23. Raa1 Qb7 24. Rcb1 Bb5 25. Qa2 Rac8 26. Bf4 Qd7 27. Qb3 Bc3
28. Bd2 Bd3 29. Bxc3 Bxb1 30. Qxb1 bxc3 31. Qc2 Qb5 32. Ne2 0-1

[Event "IX IBCA World Team Ch. for the Blind an"]
[Site "Ohrid, North Macedonia"]
[Date "2022.07.02"]
[Round "5.1"]
[White "Nizam, Rasim"]
[Black "Tazbir, Marcin"]
[Result "0-1"]
[WhiteElo "2168"]
[BlackElo "2506"]
[PlyCount "122"]
[EventDate "2022.06.28"]
[EventType "team"]
[EventRounds "7"]
[EventCountry "MKD"]
[WhiteTeam "Bulgaria"]
[BlackTeam "Poland"]
[WhiteTeamCountry "BUL"]
[BlackTeamCountry "POL"]

1. e4 c5 2. Nf3 d6 3. d4 cxd4 4. Nxd4 Nf6 5. Nc3 Nc6 6. Be2 e5 7. Nf3 h6 8. O-O
Be7 9. b3 O-O 10. Bb2 Bg4 11. a3 Rc8 12. Qd3 a6 13. h3 Bxf3 14. Bxf3 Nd4 15.
Rac1 Qd7 16. Kh2 Qc6 17. g3 Nxf3+ 18. Qxf3 Rfd8 19. Rfd1 b5 20. Rd2 a5 21. h4
b4 22. Nd5 Nxd5 23. Rxd5 Qb6 24. Kg2 Rc6 25. c4 bxc3 26. Rxc3 Rdc8 27. Qd3 g6
28. Rxc6 Rxc6 29. a4 Qc7 30. Ba3 Kg7 31. Qd2 Rc3 32. Bxd6 Bxd6 33. Rxd6 Rxb3
34. Rd7 Qc4 35. Qd5 Qxd5 36. Rxd5 Rb4 37. Rxa5 Rxe4 38. Ra7 Re2 39. Kf3 Ra2 40.
a5 h5 41. a6 Kf6 42. Ra8 Kf5 43. a7 Ra3+ 44. Ke2 e4 45. Kf1 Ra2 46. Kg1 Kg4 47.
Re8 Rxa7 48. Rxe4+ Kh3 49. Re1 Ra4 50. Rd1 f5 51. Kf1 Ra6 52. Rd4 Ra1+ 53. Ke2
Kg2 54. Rf4 Ra2+ 55. Ke1 Rb2 56. Rd4 Rxf2 57. Rd6 Rf3 58. Rxg6 Rxg3 59. Rxg3+
Kxg3 60. Kf1 f4 61. Kg1 f3 0-1

[Event "IX IBCA World Team Ch. for the Blind an"]
[Site "Ohrid, North Macedonia"]
[Date "2022.07.02"]
[Round "5.2"]
[White "Stachanczyk, Jacek"]
[Black "Ivanov, Ljubomir"]
[Result "1-0"]
[WhiteElo "2194"]
[BlackElo "1792"]
[PlyCount "75"]
[EventDate "2022.06.28"]
[EventType "team"]
[EventRounds "7"]
[EventCountry "MKD"]
[WhiteTeam "Poland"]
[BlackTeam "Bulgaria"]
[WhiteTeamCountry "POL"]
[BlackTeamCountry "BUL"]

1. c4 Nf6 2. Nf3 g6 3. g3 Bg7 4. Bg2 c5 5. Nc3 Nc6 6. O-O O-O 7. d4 cxd4 8.
Nxd4 Nxd4 9. Qxd4 d6 10. Qd3 a6 11. e4 Be6 12. b3 Nd7 13. Bb2 Rb8 14. Rab1 Qa5
15. a4 Rfc8 16. Ba1 Nc5 17. Qe3 Nxb3 18. Rxb3 Bxc4 19. Nd5 Bxf1 20. Nxe7+ Kf8
21. Bxg7+ Kxg7 22. Bxf1 Rc2 23. Nd5 Qxa4 24. Rb6 Qa1 25. Qf4 Qe5 26. Qe3 a5 27.
Qa3 Qd4 28. Qf3 Rc6 29. Rb1 Rc2 30. Rd1 Qb2 31. Ne3 Rc6 32. Nc4 Qb4 33. Rd4 Qc5
34. Qd1 Rd8 35. Rd5 Qb4 36. Nxa5 Rc5 37. Rxc5 Qxc5 38. Nxb7 1-0

[Event "IX IBCA World Team Ch. for the Blind an"]
[Site "Ohrid, North Macedonia"]
[Date "2022.07.02"]
[Round "5.3"]
[White "Georgiev, Todor St."]
[Black "Wolanski, Michal"]
[Result "1-0"]
[WhiteElo "1795"]
[BlackElo "2005"]
[PlyCount "97"]
[EventDate "2022.06.28"]
[EventType "team"]
[EventRounds "7"]
[EventCountry "MKD"]
[WhiteTeam "Bulgaria"]
[BlackTeam "Poland"]
[WhiteTeamCountry "BUL"]
[BlackTeamCountry "POL"]

1. d4 Nf6 2. c4 e6 3. Nc3 Bb4 4. e3 b6 5. a3 Bxc3+ 6. bxc3 O-O 7. Nf3 c5 8. Be2
Nc6 9. O-O Na5 10. Re1 Ne4 11. Bb2 Ba6 12. Qa4 d6 13. Qc2 f5 14. Bd3 Nxc4 15.
Bc1 d5 16. Rd1 Qc8 17. h4 Ncd6 18. Bxe4 fxe4 19. Ne5 Nf7 20. f4 Nxe5 21. dxe5
Bd3 22. Qd2 Qe8 23. Re1 Qh5 24. Qf2 Qg4 25. Ra2 Rf5 26. g3 Raf8 27. Qg2 h6 28.
Qh2 Kf7 29. Rg2 h5 30. Rf2 Ke7 31. Kg2 g5 32. Qh3 Qxh3+ 33. Kxh3 gxh4 34. g4
Rxe5 35. Rh2 d4 36. fxe5 dxc3 37. Kxh4 b5 38. Kxh5 b4 39. axb4 cxb4 40. Ra2 a6
41. Ra4 b3 42. Ba3+ Ke8 43. Bxf8 Kxf8 44. Ra3 Bc4 45. Kh6 c2 46. Rxb3 Bxb3 47.
Kh7 Bc4 48. g5 Be2 49. Rc1 1-0

[Event "IX IBCA World Team Ch. for the Blind an"]
[Site "Ohrid, North Macedonia"]
[Date "2022.07.02"]
[Round "5.4"]
[White "Migala, Andrzej"]
[Black "Patev, Petko"]
[Result "1/2-1/2"]
[WhiteElo "1990"]
[BlackElo "1792"]
[PlyCount "79"]
[EventDate "2022.06.28"]
[EventType "team"]
[EventRounds "7"]
[EventCountry "MKD"]
[WhiteTeam "Poland"]
[BlackTeam "Bulgaria"]
[WhiteTeamCountry "POL"]
[BlackTeamCountry "BUL"]

1. e4 e5 2. Nf3 d6 3. d4 Nd7 4. Bc4 c6 5. dxe5 dxe5 6. Ng5 Nh6 7. O-O Qc7 8. a4
a5 9. h3 Nc5 10. Be3 f6 11. Nxh7 Ne6 12. Nxf8 Kxf8 13. Ra3 Nf7 14. Rd3 g5 15.
Qd2 Rh4 16. f3 Nf4 17. Bxf4 exf4 18. Bxf7 Kxf7 19. Rd1 Be6 20. Rd8 Rh8 21. Rxa8
Rxa8 22. Qd4 Rh8 23. Na3 c5 24. Qd6 Rc8 25. Qxc7+ Rxc7 26. c4 Rd7 27. Rxd7+
Bxd7 28. b3 f5 29. Kf2 Kf6 30. exf5 Bxf5 31. Ke2 Ke5 32. Kd2 Bd7 33. Kc3 Be8
34. Nb1 Bg6 35. Nd2 Bh7 36. Nf1 Bf5 37. Nh2 b6 38. Nf1 Bg6 39. Nd2 Bf5 40. Nf1
1/2-1/2

[Event "IX IBCA World Team Ch. for the Blind an"]
[Site "Ohrid, North Macedonia"]
[Date "2022.07.02"]
[Round "5.1"]
[White "Turicnik, Vlado"]
[Black "Thevenet, Yann"]
[Result "0-1"]
[WhiteElo "1961"]
[BlackElo "1983"]
[PlyCount "34"]
[EventDate "2022.06.28"]
[EventType "team"]
[EventRounds "7"]
[EventCountry "MKD"]
[WhiteTeam "Slovenia"]
[BlackTeam "France"]
[WhiteTeamCountry "SLO"]
[BlackTeamCountry "FRA"]

1. e4 e5 2. Nf3 Nc6 3. Bb5 f5 4. d3 fxe4 5. dxe4 Nf6 6. O-O Bc5 7. Qd3 d6 8. c3
Bd7 9. Bg5 h6 10. Be3 Bxe3 11. Qxe3 O-O 12. Nbd2 Qe8 13. Ne1 Nh5 14. Nd3 Qg6
15. Rae1 Nf4 16. Nxf4 exf4 17. Qd3 Ne5 0-1

[Event "IX IBCA World Team Ch. for the Blind an"]
[Site "Ohrid, North Macedonia"]
[Date "2022.07.02"]
[Round "5.2"]
[White "Deville, Olivier"]
[Black "Znuderl, Matej"]
[Result "1/2-1/2"]
[WhiteElo "1752"]
[BlackElo "1879"]
[PlyCount "23"]
[EventDate "2022.06.28"]
[EventType "team"]
[EventRounds "7"]
[EventCountry "MKD"]
[WhiteTeam "France"]
[BlackTeam "Slovenia"]
[WhiteTeamCountry "FRA"]
[BlackTeamCountry "SLO"]

1. d4 Nf6 2. c4 e5 3. dxe5 Ng4 4. Bf4 Nc6 5. Nf3 Bb4+ 6. Nbd2 Qe7 7. e3 Ngxe5
8. Nxe5 Nxe5 9. Be2 d6 10. O-O O-O 11. Nb3 Bd7 12. a3 1/2-1/2

[Event "IX IBCA World Team Ch. for the Blind an"]
[Site "Ohrid, North Macedonia"]
[Date "2022.07.02"]
[Round "5.3"]
[White "Muri, Emil"]
[Black "Ambrosino, Theo"]
[Result "0-1"]
[WhiteElo "1782"]
[BlackElo "1628"]
[PlyCount "84"]
[EventDate "2022.06.28"]
[EventType "team"]
[EventRounds "7"]
[EventCountry "MKD"]
[WhiteTeam "Slovenia"]
[BlackTeam "France"]
[WhiteTeamCountry "SLO"]
[BlackTeamCountry "FRA"]

1. e4 d5 2. exd5 Qxd5 3. Nc3 Qa5 4. Bc4 Nf6 5. d3 Bg4 6. f3 Bf5 7. Bd2 e6 8. g4
Qe5+ 9. Qe2 Qxe2+ 10. Ngxe2 Bg6 11. O-O-O c6 12. Nf4 Bd6 13. h4 Bxf4 14. Bxf4
h6 15. Rde1 Nbd7 16. h5 Bh7 17. Ne4 Bxe4 18. dxe4 Nb6 19. Bb3 O-O-O 20. Rd1
Nfd7 21. a3 e5 22. Bg3 f6 23. Be6 Kc7 24. Bf2 Rhe8 25. Ba2 Na4 26. Rd2 Ndb6 27.
Rhd1 Rxd2 28. Rxd2 Rd8 29. Rxd8 Kxd8 30. Bb3 Kc7 31. c4 Kd6 32. Kc2 Nc5 33. Ba2
Ne6 34. b4 c5 35. bxc5+ Nxc5 36. Kc3 a5 37. Bb1 Nba4+ 38. Kc2 Ne6 39. Kb3 Nac5+
40. Kc3 Ng5 41. f4 Ngxe4+ 42. Kb2 Nxf2 0-1

[Event "IX IBCA World Team Ch. for the Blind an"]
[Site "Ohrid, North Macedonia"]
[Date "2022.07.02"]
[Round "5.4"]
[White "Meyer, Eric"]
[Black "Stimec, Marjan"]
[Result "1-0"]
[WhiteElo "1625"]
[BlackElo "1787"]
[PlyCount "110"]
[EventDate "2022.06.28"]
[EventType "team"]
[EventRounds "7"]
[EventCountry "MKD"]
[WhiteTeam "France"]
[BlackTeam "Slovenia"]
[WhiteTeamCountry "FRA"]
[BlackTeamCountry "SLO"]

1. d4 Nf6 2. c4 e6 3. Nf3 d5 4. e3 Be7 5. Nc3 O-O 6. Qc2 Nbd7 7. b3 b6 8. cxd5
Nxd5 9. Nxd5 exd5 10. Bd3 Nf6 11. O-O Bb7 12. Ne5 c5 13. Bb2 Rc8 14. Qe2 Bd6
15. Rfd1 Qe7 16. Bf5 Rc7 17. Nf3 g6 18. Bd3 Rfc8 19. Rac1 Ne4 20. Ba6 Bxa6 21.
Qxa6 c4 22. bxc4 dxc4 23. Rc2 b5 24. Qxb5 c3 25. Bc1 Rb7 26. Qd3 Rcb8 27. Ne5
Bxe5 28. Qxe4 Bd6 29. Qxe7 Bxe7 30. Rxc3 Rb1 31. g3 Ra1 32. a3 Rbb1 33. Kg2
Bxa3 34. d5 Rxc1 35. Rdxc1 Bxc1 36. Rc8+ Kg7 37. d6 Ba3 38. d7 Be7 39. d8=Q
Bxd8 40. Rxd8 Kf6 41. Kf3 Ra2 42. h4 h5 43. Rd4 Ke5 44. Rd7 Ke6 45. Rd4 a5 46.
Rd8 Rb2 47. Ra8 Rb5 48. Ke4 Rf5 49. f4 Kd6 50. Kd4 Kc6 51. e4 Rb5 52. Rc8+ Kd7
53. Ra8 Rb3 54. Rxa5 Rxg3 55. Rg5 Ke6 1-0

[Event "IX IBCA World Team Ch. for the Blind an"]
[Site "Ohrid, North Macedonia"]
[Date "2022.07.03"]
[Round "6.1"]
[White "Ymeri, Rinor"]
[Black "Thevenet, Yann"]
[Result "1/2-1/2"]
[WhiteElo "1603"]
[BlackElo "1983"]
[PlyCount "26"]
[EventDate "2022.06.28"]
[EventType "team"]
[EventRounds "7"]
[EventCountry "MKD"]
[WhiteTeam "Kosovo"]
[BlackTeam "France"]
[WhiteTeamCountry "KOS"]
[BlackTeamCountry "FRA"]

1. d4 Nf6 2. c4 g6 3. Nc3 Bg7 4. Nf3 O-O 5. e4 d6 6. Be2 e5 7. d5 Ne8 8. Be3 f5
9. exf5 Bxf5 10. h3 Na6 11. a3 Nc5 12. b4 e4 13. Nd4 Nd3+ 1/2-1/2

[Event "IX IBCA World Team Ch. for the Blind an"]
[Site "Ohrid, North Macedonia"]
[Date "2022.07.03"]
[Round "6.2"]
[White "Deville, Olivier"]
[Black "Gashi, Gani"]
[Result "1-0"]
[WhiteElo "1752"]
[BlackElo "1738"]
[PlyCount "43"]
[EventDate "2022.06.28"]
[EventType "team"]
[EventRounds "7"]
[EventCountry "MKD"]
[WhiteTeam "France"]
[BlackTeam "Kosovo"]
[WhiteTeamCountry "FRA"]
[BlackTeamCountry "KOS"]

1. d4 d5 2. c4 c6 3. Nf3 Bf5 4. cxd5 cxd5 5. Qb3 b6 6. e4 dxe4 7. Bb5+ Nd7 8.
Ne5 Be6 9. Qa4 Ngf6 10. Bg5 h6 11. Bf4 Qc7 12. O-O Nd5 13. Rc1 Qd6 14. Qxa7 Rd8
15. Nxd7 Bxd7 16. Bxd6 exd6 17. Bxd7+ Rxd7 18. Qa8+ Rd8 19. Qxd5 g6 20. Qxe4+
Be7 21. Rc7 Rd7 22. Qc6 1-0

[Event "IX IBCA World Team Ch. for the Blind an"]
[Site "Ohrid, North Macedonia"]
[Date "2022.07.03"]
[Round "6.3"]
[White "Kastrati, Shaip"]
[Black "Ambrosino, Theo"]
[Result "0-1"]
[WhiteElo "1475"]
[BlackElo "1628"]
[PlyCount "56"]
[EventDate "2022.06.28"]
[EventType "team"]
[EventRounds "7"]
[EventCountry "MKD"]
[WhiteTeam "Kosovo"]
[BlackTeam "France"]
[WhiteTeamCountry "KOS"]
[BlackTeamCountry "FRA"]

1. e4 d5 2. exd5 Qxd5 3. Nc3 Qa5 4. d4 Nf6 5. Bd2 c6 6. Bd3 Qb6 7. Rb1 Qxd4 8.
Nf3 Qd8 9. O-O Bg4 10. Bc4 e6 11. Be2 Qc7 12. Be3 Nbd7 13. h3 Bh5 14. Qd2 O-O-O
15. Bf4 e5 16. Bg3 Bb4 17. a3 Ne4 18. Qe3 Nxg3 19. fxg3 Bc5 20. Qxc5 Nxc5 21.
g4 Bg6 22. b4 Ne4 23. Nxe4 Bxe4 24. Rbc1 f6 25. c4 Bd3 26. Rfe1 e4 27. Nd2 Qf4
28. Nb3 Qe3+ 0-1

[Event "IX IBCA World Team Ch. for the Blind an"]
[Site "Ohrid, North Macedonia"]
[Date "2022.07.03"]
[Round "6.4"]
[White "Meyer, Eric"]
[Black "Tishuki, Daut"]
[Result "1/2-1/2"]
[WhiteElo "1625"]
[BlackElo "1557"]
[PlyCount "50"]
[EventDate "2022.06.28"]
[EventType "team"]
[EventRounds "7"]
[EventCountry "MKD"]
[WhiteTeam "France"]
[BlackTeam "Kosovo"]
[WhiteTeamCountry "FRA"]
[BlackTeamCountry "KOS"]

1. d4 d5 2. Bf4 Nf6 3. e3 a6 4. Bd3 e6 5. Nd2 c5 6. c3 Nc6 7. Ngf3 cxd4 8. exd4
Nh5 9. Be3 Bd6 10. Ne5 Nf6 11. f4 g6 12. Qe2 Nh5 13. Ndf3 f6 14. Nxc6 bxc6 15.
g3 O-O 16. O-O Re8 17. Qc2 f5 18. Qe2 Qc7 19. Ne5 c5 20. b3 Nf6 21. Rac1 Bd7
22. dxc5 Bxc5 23. Rfe1 Qd6 24. Bxc5 Qxc5+ 25. Qf2 Qxf2+ 1/2-1/2